000 00836cam a2200301 a 4500
001 74997
003 BD-RjUL
005 20211209082630.0
008 910923s1956 enka b 000 0 eng
035 _a(BD-RjUL)75215
035 _a135901
040 _aANL
_beng
_cANL
_dABN:1
041 _aeng
082 0 4 _a560
_223
_bCAG 1956
100 1 _aCarrington, Richard.
_9226690
245 1 2 _aA guide to earth history /
_cRichard Carrington ; illustrated by Maurice Wilson.
260 _aLondon,
_bChatto and Windus,
_c1956.
300 _a240 p.
_billus.
_c22 cm.
504 _aIncludes bibliography.
650 0 _aPaleontology.
_9226691
650 0 _aEvolution.
_9226692
651 0 _aEarth (Planet)
_9226693
942 _2ddc
_cBK
999 _c74997
_d74997